| 000 | 00817nam a2200217Ii 4500 | ||
|---|---|---|---|
| 003 | JO-AjNU | ||
| 008 | 230605s9999||||xx |||||||||||||| ||und|| | ||
| 020 | _a2-7451-2733-0 | ||
| 040 |
_aJO-AjNU _bara _erda _cJO-AjNU |
||
| 041 | _aara | ||
| 050 | 1 | 4 | _aBP131.5.I27 2007 |
| 100 | 3 |
_aبن خالوية، أبي عبدالله الحسين بن أحمد 370 هجري مؤلف؛ أحمد فريد المزيري تحقيق / فتحي حجازي مقدم, _eauthor _958547 |
|
| 245 | 0 | 0 | _aالحجة في القراءات السبع |
| 250 | _aط2 | ||
| 264 | 3 | 1 | _aبيروت: دار الكتب العلمية، 2007 |
| 300 | _a254ص | ||
| 336 |
_atext _btxt _2rdacontent |
||
| 337 |
_aunmediated _bn _2rdamedia |
||
| 338 |
_avolume _bnc _2rdacarrier |
||
| 650 | 4 |
_aالقرآن - القراءات السبع _958548 |
|
| 999 |
_aA26297 _c29865 _d29865 |
||